ბათუმის შოთა რუსთაველის სახელმწიფო უნივერსიტეტის ბიბლიოთეკა

ფსიქოლოგია ინდუსტრიულ ორგანიზაციებში : (ბიბ.ჩანაწერი № 36671)

000 -ლიდერი
ფიქსირებული სიგრძის საკონტროლო ველი 01073nam a2200253Ia 4500
001 - საკონტროლო ნომერი
საკონტროლო ველი 2598
003 - საკონტროლო ნომრის იდენტიფიკატორი
საკონტროლო ველი GE_BSU
005 - ბოლო ოპერაციის თარიღი და დრო
საკონტროლო ველი 20221130114208.0
008 - ფიქსირებული სიგრძის მონაცემთა ელემენტები - ზოგადი ინფორმაცია
ფიქსირებული სიგრძის საკონტროლო ველი 181216s2001||||ge |||||||||||||| ||geo||
020 ## - წიგნის საერთაშორისო სტანდარტული ნომერი
International Standard Book Number 9992883294x
040 ## - კატალოგიზაციის წყარო
Transcribing agency GE_BSU
041 ## - ენის კოდი
Language code of text/sound track or separate title geo
080 ## - უნივერსალური ათობითი კლასიფიკაციის ინდექსი
Universal Decimal Classification number 159.9 ჩ–241
100 ## - მთავარი ჩანაწერი - პიროვნების სახელი
Personal name ჩარკვიანი, დავით
9 (RLIN) 16234
245 ## - ცნობა სათაურის შესახებ
Title ფსიქოლოგია ინდუსტრიულ ორგანიზაციებში :
Remainder of title თეორია, კვლევა, პრაქტიკა /
Statement of responsibility, etc დავით ჩარკვიანი.
264 ## - წარმოების, გამოცემის, დისტრიბუციის და სხვა ცნობები
გამოცემის, წარმოების, დისტრიბუციის... ადგილი თბილისი
გამოცემის, წარმოების, დისტრიბუციის... სახელწოდება შპს ნათია
გამოცემის, წარმოების, დისტრიბუციის... თარიღი 2001
300 ## - ფიზიკური აღწერა
Extent 469 გვ.:
Other physical details ნახ. ;
Dimensions 28 სმ.
504 ## - BIBLIOGRAPHY, ETC. NOTE
Bibliography, etc ბიბლიოგრ.: გვ. 456-470.
653 ## - INDEX TERM--UNCONTROLLED
Uncontrolled term ინდუსტრიული ფსიქოლოგია.
653 ## - INDEX TERM--UNCONTROLLED
Uncontrolled term შრომის ფსიქოლოგია.
653 ## - INDEX TERM--UNCONTROLLED
Uncontrolled term საინჟინრო (ტექნიკური) ფსიქოლოგია.
942 ## - ADDED ENTRY ELEMENTS (KOHA)
Koha item type წიგნი
Source of classification or shelving scheme
ეგზემპლარები
ჩამოწერის სტატუსი დაკარგული ეგზემპლარის სტატუსი კლასიფიკაციის წყარო ან თაროზე გაწყობის სქემა დაზიანების სტატუსი არ გაიცემა მუდმივი მდებარეობა (დაცვის ადგილი) ამჟამინდელი ადგილსამყოფელი შეძენის თარიღი სრული შენახვის შიფრი შტრიხკოდი ბოლო ოპერაციის თარიღი ფასის ძალაში შესვლის თარიღი ეგზემპლარის სახეობა
          ბათუმის შოთა რუსთაველის სახელმწიფო უნივერსიტეტის მთავარი ბიბლიოთეკა ბათუმის შოთა რუსთაველის სახელმწიფო უნივერსიტეტის მთავარი ბიბლიოთეკა 2018-12-17 159.9 1122 2018-12-17 2018-12-17 წიგნი